[Event "Hanoi (Women) op 12"]
[Site "Hanoi"]
[Date "2022.??.??"]
[Round "7"]
[White "Le, Phu Nguyen Thao"]
[Black "Phan, Nguyen Ha Nhu"]
[Result "1-0"]
[WhiteElo "1940"]
[BlackElo "1701"]
[PlyCount "111"]
[EventDate "2022.12.11"]
[EventType "swiss"]
[EventRounds "9"]
[EventCountry "VIE"]
[SourceTitle "CBM 211 Extra"]
[Source "ChessBase"]
[SourceDate "2023.01.31"]
[SourceVersion "1"]
[SourceVersionDate "2023.01.31"]
[SourceQuality "1"]

1. c4 e6 2. Nf3 c5 3. g3 b6 4. Bg2 Bb7 5. 0-0 Nf6 6. d3 d5 7. Na3 Nc6 8. Qa4 Bd6 9. Nb5 Bb8 10. cxd5 exd5 11. Bg5 d4 12. Nbxd4 Qd7 13. Nxc6 Qxc6 14. Qh4 Nd5 15. d4 f6 16. Bd2 c4 17. Qh5+ g6 18. Qh6 Kf7 19. e4 Ne7 20. Bb4 Ng8 21. Qe3 Kg7 22. d5 Qe8 23. Rac1 Nh6 24. h3 Nf7 25. Rxc4 Ba6 26. Rcc1 Bxf1 27. Bxf1 Qa4 28. Nd4 Re8 29. Bb5 Qxb4 30. Bxe8 Ng5 31. Bc6 Bxg3 32. Bxa8 Bf4 33. Qc3 Qxd4 34. Qxd4 Nf3+ 35. Kg2 Nxd4 36. Rc8 Nb5 37. Rd8 Kh6 38. Rd7 Be5 39. a4 Nd6 40. f3 a5 41. b3 Bf4 42. Re7 g5 43. Bc6 Be5 44. Bd7 Kg6 45. Bf5+ Nxf5 46. exf5+ Kxf5 47. Rxh7 Bd6 48. Rb7 Bc5 49. d6 Ke6 50. d7 Ke7 51. Kf1 Kd8 52. Ke2 f5 53. Kd3 Bf2 54. Kc4 Be3 55. Kd5 Ke7 56. Kc6 1-0

[Event "Hanoi (Women) op 12"]
[Site "Hanoi"]
[Date "2022.??.??"]
[Round "3"]
[White "Tran, Thi Hong Ngoc"]
[Black "Le, Phu Nguyen Thao"]
[Result "1-0"]
[WhiteElo "1960"]
[BlackElo "1940"]
[PlyCount "75"]
[EventDate "2022.12.11"]
[EventType "swiss"]
[EventRounds "9"]
[EventCountry "VIE"]
[SourceTitle "CBM 211 Extra"]
[Source "ChessBase"]
[SourceDate "2023.01.31"]
[SourceVersion "1"]
[SourceVersionDate "2023.01.31"]
[SourceQuality "1"]

1. d4 Nf6 2. c4 e6 3. Nc3 Bb4 4. Qc2 0-0 5. Bg5 h6 6. Bh4 d5 7. e3 c5 8. dxc5 Nc6 9. Rd1 d4 10. a3 Bxc5 11. b4 Be7 12. Nf3 e5 13. exd4 exd4 14. Be2 Bg4 15. 0-0 Bxf3 16. Bxf3 Qc8 17. Nb5 Ne5 18. Be2 Ng6 19. Bg3 a5 20. c5 axb4 21. axb4 Rd8 22. Rxd4 Rxd4 23. Nxd4 Nd5 24. Bc4 Ngf4 25. Qe4 Bxc5 26. Bxf4 Nxb4 27. Ne6 Na6 28. Bxa6 Rxa6 29. Nxc5 Qxc5 30. Rc1 Re6 31. Qb1 Rb6 32. Qd3 Qf8 33. h3 f5 34. Qd7 Qf6 35. Be5 Qg5 36. f4 Qg6 37. Qd8+ Kh7 38. Rc7 1-0

[Event "VIE Cup (Women)"]
[Site "Hanoi"]
[Date "2021.??.??"]
[Round "4"]
[White "Vo, Mai Truc"]
[Black "Le, Phu Nguyen Thao"]
[Result "1/2-1/2"]
[WhiteElo "1753"]
[BlackElo "1940"]
[PlyCount "70"]
[EventDate "2021.05.03"]
[EventType "swiss"]
[EventRounds "9"]
[EventCountry "VIE"]
[SourceTitle "EXT 2022"]
[Source "ChessBase"]
[SourceDate "2021.10.06"]
[SourceVersion "1"]
[SourceVersionDate "2021.10.06"]
[SourceQuality "1"]

1. d4 Nf6 2. Nf3 e6 3. Bf4 b6 4. e3 Bb7 5. c4 Bb4+ 6. Nc3 Ne4 7. Rc1 0-0 8. Be2 Bxc3+ 9. bxc3 d6 10. 0-0 Nd7 11. Nd2 e5 12. Bg3 Nxg3 13. hxg3 Qe7 14. e4 f5 15. exf5 Rxf5 16. Bg4 Rf7 17. d5 Nc5 18. Nb3 Bc8 19. Nxc5 Bxg4 20. Qxg4 bxc5 21. Qe4 Re8 22. Rfe1 Qg5 23. Re3 Ref8 24. Rc2 Rf5 25. Rce2 h6 26. Qd3 Qf6 27. Qd2 h5 28. Qe1 h4 29. Rxe5 hxg3 30. Rxf5 Qxf5 31. fxg3 Qd3 32. Re7 Qxc4 33. Qe6+ Kh7 34. Qh3+ Kg8 35. Qe6+ Kh7 1/2-1/2

[Event "VIE-chT (Women)"]
[Site "Bac Giang"]
[Date "2020.06.10"]
[Round "8.13"]
[White "Tran, Thi Diem Quynh"]
[Black "Le, Phu Nguyen Thao"]
[Result "1-0"]
[WhiteElo "1834"]
[BlackElo "1967"]
[PlyCount "105"]
[EventDate "2020.06.06"]
[EventType "swiss"]
[EventRounds "9"]
[EventCountry "VIE"]
[SourceTitle "CBM 197 Extra"]
[Source "ChessBase"]
[SourceDate "2020.09.30"]
[SourceVersion "1"]
[SourceVersionDate "2020.09.30"]
[SourceQuality "1"]

1. e4 Nf6 2. e5 Nd5 3. d4 d6 4. Nf3 Bg4 5. Bc4 e6 6. c3 Be7 7. Qe2 0-0 8. h3 Bxf3 9. gxf3 Bg5 10. Bxd5 exd5 11. f4 Bh6 12. Be3 dxe5 13. dxe5 Nc6 14. Na3 d4 15. Rd1 Qh4 16. cxd4 Bxf4 17. Qg4 Qxg4 18. hxg4 Bxe3 19. fxe3 Rad8 20. Rd2 Rd7 21. Rdh2 Rfd8 22. Rxh7 Kf8 23. Nc2 f6 24. exf6 gxf6 25. Rh8+ Ke7 26. R1h7+ Kd6 27. Rxd8 Rxd8 28. Rf7 Rh8 29. Rxf6+ Ke7 30. Rf2 Rh4 31. Rg2 Kf6 32. Ke2 Kg5 33. Kf3 Rh3+ 34. Ke4 Rh4 35. d5 Ne7 36. Nd4 Kf6 37. Nf3 Rh3 38. Rh2 Rxh2 39. Nxh2 c6 40. dxc6 Nxc6 41. Nf3 Ne7 42. g5+ Kg6 43. Ke5 Nc6+ 44. Kd6 Nb4 45. a3 Nd3 46. Ne5+ Nxe5 47. Kxe5 Kxg5 48. Kd5 Kf6 49. e4 Ke7 50. e5 Kd7 51. e6+ Ke7 52. b4 b6 53. b5 1-0

[Event "VIE-chT (Women)"]
[Site "Bac Giang"]
[Date "2020.06.07"]
[Round "3.8"]
[White "Le, Phu Nguyen Thao"]
[Black "Chau, Thi Ngoc Giao"]
[Result "1/2-1/2"]
[WhiteElo "1967"]
[BlackElo "2137"]
[PlyCount "67"]
[EventDate "2020.06.06"]
[EventType "swiss"]
[EventRounds "9"]
[EventCountry "VIE"]
[SourceTitle "CBM 197 Extra"]
[Source "ChessBase"]
[SourceDate "2020.09.30"]
[SourceVersion "1"]
[SourceVersionDate "2020.09.30"]
[SourceQuality "1"]

1. e4 d5 2. exd5 Nf6 3. Bb5+ Bd7 4. Be2 Bf5 5. c4 c6 6. Qb3 Qc7 7. Nc3 e6 8. Nf3 exd5 9. cxd5 Be7 10. 0-0 0-0 11. d4 Rd8 12. dxc6 Nxc6 13. Nb5 Qb8 14. Rd1 Be6 15. Qc2 Bd5 16. Be3 Ng4 17. g3 Qc8 18. Bf4 Qd7 19. Nc7 Rac8 20. Nxd5 Qxd5 21. Qd2 Qh5 22. h4 Qf5 23. Qd3 Qe6 24. a3 Rd5 25. Qd2 b5 26. Rac1 Rcd8 27. Qc2 Bf6 28. Bg5 h6 29. Bxf6 Nxf6 30. Bxb5 Rxb5 31. Qxc6 Qxc6 32. Rxc6 Rxb2 33. Rc7 Ne4 34. Rf1 1/2-1/2

[Event "VIE-chT (Women)"]
[Site "Bac Giang"]
[Date "2020.06.06"]
[Round "1.17"]
[White "Le, Phu Nguyen Thao"]
[Black "Nguyen, Thi Mai Lan"]
[Result "1-0"]
[WhiteElo "1967"]
[BlackElo "1164"]
[PlyCount "75"]
[EventDate "2020.06.06"]
[EventType "swiss"]
[EventRounds "9"]
[EventCountry "VIE"]
[SourceTitle "CBM 197 Extra"]
[Source "ChessBase"]
[SourceDate "2020.09.30"]
[SourceVersion "1"]
[SourceVersionDate "2020.09.30"]
[SourceQuality "1"]

1. e4 c5 2. Nc3 d6 3. g3 g6 4. Bg2 Bg7 5. d3 Nc6 6. Be3 Nf6 7. h3 Bd7 8. Qd2 0-0 9. Bh6 Nd4 10. Bxg7 Kxg7 11. Nge2 Nxe2 12. Nxe2 Bc6 13. 0-0 Rc8 14. Qe3 b5 15. Rad1 Qb6 16. a3 b4 17. axb4 Qxb4 18. Ra1 a5 19. b3 Rc7 20. Rfd1 Ra8 21. Rdb1 Qb6 22. f4 Rca7 23. Nc3 Qb7 24. Na4 Nd7 25. f5 Rg8 26. Rf1 Nf6 27. g4 Kf8 28. Qh6+ Rg7 29. fxg6 hxg6 30. Qg5 Ra6 31. Rf2 Qb4 32. Qc1 Qd4 33. Qf1 Rh7 34. c3 Qe5 35. d4 cxd4 36. Qxa6 Bb5 37. Qc8+ Kg7 38. cxd4 1-0

[Event "VIE Cup (Women)"]
[Site "Bac Giang"]
[Date "2018.06.02"]
[Round "5"]
[White "Nguyen, Ha Phuong1111"]
[Black "Le, Phu Nguyen Thao"]
[Result "0-1"]
[WhiteElo "1469"]
[BlackElo "2005"]
[PlyCount "116"]
[EventDate "2018.05.30"]
[EventType "swiss"]
[EventRounds "9"]
[EventCountry "VIE"]
[SourceTitle "CBM 184 Extra"]
[Source "ChessBase"]
[SourceDate "2018.06.28"]
[SourceVersion "1"]
[SourceVersionDate "2018.06.28"]
[SourceQuality "1"]

1. d4 Nf6 2. c4 e6 3. g3 Bb4+ 4. Bd2 Be7 5. Bg2 0-0 6. Nf3 c5 7. Nc3 cxd4 8. Nxd4 Nc6 9. Nxc6 bxc6 10. 0-0 d5 11. cxd5 cxd5 12. e4 Ba6 13. Re1 Rb8 14. exd5 exd5 15. b3 d4 16. Ne4 Nd5 17. f4 h6 18. Bf1 Bxf1 19. Kxf1 Qb6 20. Qf3 Rbd8 21. Rad1 Qa6+ 22. Kg1 f5 23. Nf2 Qxa2 24. Re5 Bb4 25. Rxd5 Bxd2 26. Rxd8 Rxd8 27. Qe2 Qxb3 28. Rxd2 a5 29. Nd3 Qb1+ 30. Qd1 Qb6 31. Rb2 Qc6 32. Qb3+ Kh7 33. Qb5 Qe4 34. Nf2 Qe1+ 35. Kg2 d3 36. Rb1 Qc3 37. Qxf5+ Kh8 38. Rd1 d2 39. Ne4 Qc2 40. Nd6 Qc6+ 41. Ne4 a4 42. g4 Kg8 43. Kg1 Rf8 44. Qe5 Re8 45. Qd4 Rxe4 46. Qxd2 Qc5+ 47. Kh1 Qc6 48. Kg1 Qe6 49. Qd8+ Kh7 50. Qd3 Qxg4+ 51. Kh1 Qf5 52. Rf1 Kg8 53. Qd8+ Kh7 54. Qd3 h5 55. Qc2 Kh6 56. Qc6+ Re6 57. Qc1 Qe4+ 58. Kg1 Rg6+ 0-1

[Event "VIE-chT (Women)"]
[Site "Ho Chi Minh City"]
[Date "2017.07.28"]
[Round "7.10"]
[White "Tran, Phan Bao Khanh"]
[Black "Le, Phu Nguyen Thao"]
[Result "1-0"]
[WhiteElo "1779"]
[BlackElo "2005"]
[PlyCount "127"]
[EventDate "2017.07.24"]
[EventType "team-swiss"]
[EventRounds "9"]
[EventCountry "VIE"]
[SourceTitle "EXT 2019"]
[Source "ChessBase"]
[SourceDate "2018.10.10"]
[SourceVersion "1"]
[SourceVersionDate "2018.10.10"]
[SourceQuality "1"]

1. d4 d5 2. Nf3 Nf6 3. c4 c6 4. Qc2 dxc4 5. Qxc4 Bf5 6. g3 e6 7. Bg2 Nbd7 8. Nc3 Bd6 9. 0-0 0-0 10. Re1 e5 11. e4 Be6 12. Qe2 Bg4 13. Be3 exd4 14. Bxd4 Ne5 15. Rad1 Qc7 16. h3 Bxf3 17. Bxf3 Nxf3+ 18. Qxf3 Be5 19. Qe3 Rfe8 20. Bxe5 Qxe5 21. f4 Qc7 22. e5 Nd7 23. Ne4 Nb6 24. Qc5 Na4 25. Qf2 Re6 26. Rd4 Nb6 27. Red1 Rf8 28. Qc2 Rh6 29. Kg2 Qc8 30. g4 Nd5 31. Qd2 f6 32. exf6 Nxf6 33. Nd6 Qe6 34. Re1 Qxa2 35. g5 c5 36. Rd3 c4 37. Rg3 c3 38. Qxc3 Qd5+ 39. Qf3 Qxd6 40. gxh6 g6 41. Qxb7 Qd2+ 42. Kf1 Qxf4+ 43. Rf3 Qxh6 44. Qb3+ Kh8 45. Qc3 Qg5 46. Re6 Kg7 47. Qd4 Rf7 48. h4 Qg4 49. Qxg4 Nxg4 50. Rxf7+ Kxf7 51. Ra6 Ne3+ 52. Ke2 Nf5 53. Rxa7+ Kg8 54. Ra4 Kf8 55. Rf4 Ke7 56. Rxf5 gxf5 57. Kf3 Kf6 58. Kf4 Ke6 59. h5 h6 60. b3 Kf6 61. b4 Ke6 62. b5 Kd5 63. Kxf5 Kc5 64. Kg6 1-0

[Event "VIE-ch (Women)"]
[Site "Bac Giang"]
[Date "2016.06.26"]
[Round "6"]
[White "Nguyen, Truong Bao Tran"]
[Black "Le, Phu Nguyen Thao"]
[Result "1/2-1/2"]
[WhiteElo "1911"]
[BlackElo "2005"]
[PlyCount "60"]
[EventDate "2016.06.22"]
[EventType "swiss"]
[EventRounds "9"]
[EventCountry "VIE"]
[SourceTitle "EXT 2017"]
[Source "ChessBase"]
[SourceDate "2016.10.25"]
[SourceVersion "1"]
[SourceVersionDate "2016.10.25"]
[SourceQuality "1"]

1. d4 Nf6 2. c4 e6 3. g3 c5 4. d5 d6 5. Nc3 exd5 6. cxd5 b5 7. Nxb5 Qa5+ 8. Nc3 Na6 9. Bd2 Qb6 10. Bg2 Be7 11. Nf3 0-0 12. 0-0 Bf5 13. Nh4 Bg4 14. h3 Bd7 15. Re1 Rab8 16. Rb1 Rfc8 17. b3 h6 18. a3 Nc7 19. Qc2 Qa6 20. Ra1 Nb5 21. Nxb5 Bxb5 22. Nf5 Bf8 23. Bc3 Nd7 24. Bf1 Ne5 25. f4 Ng6 26. e4 Bxf1 27. Rxf1 c4 28. b4 Re8 29. Kh2 Ne7 30. Nxe7+ Bxe7 1/2-1/2

[Event "VIE-ch (Women)"]
[Site "Bac Giang"]
[Date "2016.06.22"]
[Round "2"]
[White "Kieu, Bich Thuy"]
[Black "Le, Phu Nguyen Thao"]
[Result "1-0"]
[WhiteElo "1729"]
[BlackElo "2005"]
[PlyCount "105"]
[EventDate "2016.06.22"]
[EventType "swiss"]
[EventRounds "9"]
[EventCountry "VIE"]
[SourceTitle "EXT 2017"]
[Source "ChessBase"]
[SourceDate "2016.10.25"]
[SourceVersion "1"]
[SourceVersionDate "2016.10.25"]
[SourceQuality "1"]

1. e4 c5 2. Nf3 e6 3. d4 cxd4 4. Nxd4 a6 5. Nc3 Qc7 6. Be2 b5 7. a3 Bb7 8. 0-0 Nf6 9. f3 Be7 10. Be3 0-0 11. Qd2 d5 12. exd5 Nxd5 13. Nxd5 Bxd5 14. Rad1 Rd8 15. Qe1 Nc6 16. Nxc6 Qxc6 17. Bd3 Bf6 18. c3 Rd7 19. Bc2 Rad8 20. Bd4 Be7 21. Qg3 Bf8 22. Bf6 Qb6+ 23. Kh1 g6 24. Bxd8 Qxd8 25. Rd2 Bh6 26. Rdd1 Bg7 27. Rfe1 Bf6 28. Qf2 Kg7 29. Be4 Bc4 30. Qc2 e5 31. Rxd7 Qxd7 32. Rd1 Qa7 33. Bd5 Bxd5 34. Rxd5 h5 35. g3 Qe3 36. Kg2 h4 37. Qd2 h3+ 38. Kxh3 Qxf3 39. Qd1 Qf2 40. Rd2 Qf5+ 41. Kg2 e4 42. Rd5 Qe6 43. Rd6 Qf5 44. Qf1 Qe5 45. Qf4 Qe7 46. Rxa6 Bg5 47. Qd6 Qe8 48. Qd4+ Kg8 49. Qd5 Qe7 50. Rb6 Kg7 51. Qd6 Qa7 52. Qd4+ Kh6 53. Qh8# 1-0

[Event "VIE-ch (Women)"]
[Site "Ho Chi Minh City"]
[Date "2015.04.23"]
[Round "8"]
[White "Le, Phu Nguyen Thao"]
[Black "Tran, Thi Mong Thu"]
[Result "1/2-1/2"]
[WhiteElo "2016"]
[BlackElo "1934"]
[PlyCount "116"]
[EventDate "2015.04.18"]
[EventType "swiss"]
[EventRounds "9"]
[EventCountry "VIE"]
[SourceTitle "CBM 166 Extra"]
[Source "ChessBase"]
[SourceDate "2015.06.18"]
[SourceVersion "1"]
[SourceVersionDate "2015.06.18"]
[SourceQuality "1"]

1. d4 d5 2. c4 c6 3. Nc3 Nf6 4. Nf3 dxc4 5. a4 Bf5 6. e3 e6 7. Bxc4 Bd6 8. 0-0 0-0 9. Re1 Bg4 10. h3 Bh5 11. e4 Be7 12. Be2 h6 13. Be3 Nbd7 14. d5 cxd5 15. exd5 exd5 16. Nxd5 Bg6 17. Qb3 Nxd5 18. Qxd5 Nc5 19. Qc4 Rc8 20. Red1 Qc7 21. Rac1 Qb8 22. Bf4 Qa8 23. Qa2 Ne6 24. Be5 Rxc1 25. Rxc1 Qd8 26. Rd1 Qb6 27. a5 Qc5 28. Bg3 Rd8 29. Rxd8+ Bxd8 30. Ne5 Qxa5 31. Qc4 Nf8 32. Nxg6 Nxg6 33. b4 Qb6 34. Bf3 Ne7 35. Qe4 Qc6 36. Qe5 Qd7 37. Bg4 f5 38. Bf3 Ng6 39. Qd5+ Qxd5 40. Bxd5+ Kf8 41. Bxb7 f4 42. Bh2 Bc7 43. Be4 Ne7 44. g3 fxg3 45. fxg3 Nc8 46. Kg2 Ke7 47. Kf3 Bd6 48. b5 Bc5 49. g4 Nd6 50. Bd3 Ke6 51. Bf4 Kd5 52. h4 Bd4 53. g5 hxg5 54. Bxg5 Kc5 55. Be7 Kd5 56. Kg4 Ke6 57. Bd8 Nf7 58. Bc4+ Kd7 1/2-1/2

[Event "VIE-ch (Women)"]
[Site "Ho Chi Minh City"]
[Date "2015.04.20"]
[Round "4"]
[White "Nguyen, Truong Bao Tran"]
[Black "Le, Phu Nguyen Thao"]
[Result "1/2-1/2"]
[WhiteElo "1884"]
[BlackElo "2016"]
[PlyCount "30"]
[EventDate "2015.04.18"]
[EventType "swiss"]
[EventRounds "9"]
[EventCountry "VIE"]
[SourceTitle "CBM 166 Extra"]
[Source "ChessBase"]
[SourceDate "2015.06.18"]
[SourceVersion "1"]
[SourceVersionDate "2015.06.18"]
[SourceQuality "1"]

1. d4 Nf6 2. c4 g6 3. g3 Bg7 4. Bg2 d5 5. Nc3 dxc4 6. Nf3 0-0 7. 0-0 c6 8. Ne5 Be6 9. e4 Qc8 10. Qe2 Nfd7 11. Nxd7 Nxd7 12. Be3 Nf6 13. f4 Ng4 14. Rfd1 Nxe3 15. Qxe3 Bg4 1/2-1/2

[Event "VIE-ch (Women)"]
[Site "Ho Chi Minh City"]
[Date "2015.04.18"]
[Round "1"]
[White "Le, Phu Nguyen Thao"]
[Black "Hoang, Thi Bao Tram"]
[Result "0-1"]
[WhiteElo "2016"]
[BlackElo "2303"]
[PlyCount "112"]
[EventDate "2015.04.18"]
[EventType "swiss"]
[EventRounds "9"]
[EventCountry "VIE"]
[SourceTitle "CBM 166 Extra"]
[Source "ChessBase"]
[SourceDate "2015.06.18"]
[SourceVersion "1"]
[SourceVersionDate "2015.06.18"]
[SourceQuality "1"]

1. d4 d5 2. c4 c6 3. Nc3 Nf6 4. Bg5 Ne4 5. Nxe4 dxe4 6. Qd2 g6 7. e3 Bg7 8. Ne2 f5 9. Rd1 Nd7 10. Nc3 Nf6 11. Be2 0-0 12. 0-0 Qe8 13. d5 h6 14. Bxf6 Bxf6 15. c5 e6 16. d6 Bd7 17. Na4 Qd8 18. b3 Rb8 19. Rc1 g5 20. b4 b5 21. cxb6 axb6 22. Nb2 b5 23. Bd1 Ra8 24. Bb3 Be5 25. Rc2 Qf6 26. f4 exf3 27. gxf3 Rad8 28. Nd3 Bxd6 29. Qc3 Kg7 30. f4 Qxc3 31. Rxc3 Kf6 32. Kf2 Be8 33. Re1 Bb8 34. h4 g4 35. e4 Ba7+ 36. Kg3 Bd4 37. Rc2 Bd7 38. exf5 exf5 39. Ne5 Bxe5 40. fxe5+ Ke7 41. Rf1 Be8 42. Rcf2 Rd3+ 43. Kg2 c5 44. Rd1 Bc6+ 45. Kf1 Rxd1+ 46. Bxd1 c4 47. Rf4 Be4 48. a4 bxa4 49. Bxa4 c3 50. Ke2 Ra8 51. Bb5 c2 52. Rf1 Rb8 53. Bd3 Rxb4 54. Rc1 Bxd3+ 55. Kxd3 Rb2 56. Kc3 Rb7 0-1

[Event "VIE-chT (Women)"]
[Site "Bac Giang"]
[Date "2013.08.19"]
[Round "8"]
[White "Nguyen, Thi Thu Quyen"]
[Black "Le, Phu Nguyen Thao"]
[Result "1-0"]
[WhiteElo "1975"]
[BlackElo "2049"]
[PlyCount "104"]
[EventDate "2013.08.14"]
[EventType "team-swiss"]
[EventRounds "11"]
[EventCountry "VIE"]
[SourceTitle "CBM 156 Extra"]
[Source "ChessBase"]
[SourceDate "2013.10.22"]
[SourceVersion "1"]
[SourceVersionDate "2013.10.22"]
[SourceQuality "1"]

1. e4 Nf6 2. e5 Nd5 3. d4 d6 4. exd6 cxd6 5. Bc4 Nb6 6. Bd3 g6 7. c3 Bg7 8. Nf3 0-0 9. 0-0 Nc6 10. Re1 e5 11. Bf1 Qc7 12. h3 Bf5 13. Na3 a6 14. Be3 e4 15. Nh4 d5 16. Nxf5 gxf5 17. g3 Ne7 18. h4 Qc6 19. Bg5 Rfe8 20. Bh3 Qg6 21. Qd2 h6 22. Bxe7 Rxe7 23. Qf4 Rae8 24. Qxf5 Qc6 25. Qf4 Na4 26. Qd2 h5 27. Nc2 Bh6 28. Ne3 b5 29. Qe2 Bxe3 30. fxe3 Qg6 31. Kh2 f5 32. Rg1 Rf8 33. Raf1 Rg7 34. Rf4 Nb6 35. Qf2 Rgf7 36. Rf1 Nc4 37. Bxf5 Qh6 38. Bh3 Rxf4 39. gxf4 Kf7 40. Rg1 Rg8 41. Rxg8 Kxg8 42. b3 Nd6 43. Qg3+ Kf7 44. Qg5 Qxg5 45. hxg5 a5 46. f5 b4 47. cxb4 axb4 48. Kg3 h4+ 49. Kf4 Kg7 50. f6+ Kg6 51. Be6 h3 52. Bxh3 Nb5 1-0

[Event "VIE-chT (Women)"]
[Site "Bac Giang"]
[Date "2013.08.18"]
[Round "7"]
[White "Le, Phu Nguyen Thao"]
[Black "Nguyen Thi Diem, Huong"]
[Result "0-1"]
[WhiteElo "2049"]
[BlackElo "2075"]
[PlyCount "92"]
[EventDate "2013.08.14"]
[EventType "team-swiss"]
[EventRounds "11"]
[EventCountry "VIE"]
[SourceTitle "CBM 156 Extra"]
[Source "ChessBase"]
[SourceDate "2013.10.22"]
[SourceVersion "1"]
[SourceVersionDate "2013.10.22"]
[SourceQuality "1"]

1. d4 d5 2. Nf3 Nf6 3. g3 g6 4. Bg2 Bg7 5. 0-0 0-0 6. b3 Ne4 7. Bb2 c5 8. c3 Nc6 9. Nbd2 Bf5 10. e3 cxd4 11. Nxd4 Nxd4 12. exd4 Ng5 13. h4 Ne6 14. Qf3 Nc7 15. Rfe1 Qd7 16. Qe3 Rfe8 17. Nf3 Qb5 18. Bf1 Qb6 19. Ba3 Nb5 20. Bc5 Qa5 21. Bb4 Qb6 22. Ne5 Nd6 23. Qf4 f6 24. Ng4 e5 25. dxe5 fxe5 26. Qd2 Bxg4 27. Qxd5+ Nf7 28. Bg2 Rab8 29. Ba5 Qe6 30. Qb5 a6 31. Qd3 Bf5 32. Qe3 b6 33. Bb4 e4 34. Rad1 Rbd8 35. Rxd8 Rxd8 36. Bf1 Bh6 37. f4 a5 38. Ba3 Bg7 39. Bc4 Qd7 40. Rc1 b5 41. Bxf7+ Kxf7 42. Bc5 Qd2 43. Qxd2 Rxd2 44. a4 bxa4 45. bxa4 Rd3 46. Rb1 Bxc3 0-1

[Event "VIE-chT (Women)"]
[Site "Bac Giang"]
[Date "2013.08.17"]
[Round "6"]
[White "Do, Hoang Minh Tho"]
[Black "Le, Phu Nguyen Thao"]
[Result "0-1"]
[WhiteElo "1922"]
[BlackElo "2049"]
[PlyCount "82"]
[EventDate "2013.08.14"]
[EventType "team-swiss"]
[EventRounds "11"]
[EventCountry "VIE"]
[SourceTitle "CBM 156 Extra"]
[Source "ChessBase"]
[SourceDate "2013.10.22"]
[SourceVersion "1"]
[SourceVersionDate "2013.10.22"]
[SourceQuality "1"]

1. d4 Nf6 2. c4 e6 3. Nc3 Bb4 4. Bd2 0-0 5. g3 d5 6. cxd5 Bxc3 7. bxc3 exd5 8. Nf3 h6 9. Bg2 Re8 10. Ne5 Nbd7 11. f4 Nxe5 12. fxe5 Ne4 13. 0-0 c5 14. Bxe4 dxe4 15. e3 Be6 16. Rf4 Qd5 17. Qe2 Qc6 18. a4 a6 19. a5 Reb8 20. c4 cxd4 21. exd4 Bxc4 22. Qxe4 Bd5 23. Qe2 b5 24. Rc1 Bc4 25. Qf2 Qe6 26. Bb4 Rc8 27. Bc5 Rab8 28. Qd2 Rb7 29. Qb4 Bd5 30. Rcf1 Bc6 31. Qd2 Qd5 32. Kf2 Rd7 33. Ke1 Bb7 34. Qe2 Rc6 35. h4 b4 36. R4f2 b3 37. Qg4 Rg6 38. Qh3 Bc6 39. Rb2 Qe4+ 40. Re2 b2 41. Rxe4 b1Q+ 0-1